Szybki quiz o FNaF'ie - Statystyki

Ogólne statystyki
  • Ten quiz został rozwiązany 170 razy
  • Średni wynik to 7 z 15
Statystyki odpowiedzi
Podpowiedź Odpowiedź % Poprawnych
Kto zamordował np: 5 dzieci? William Afton
92%
Jak ma na imię Purple Guy? William Afton
92%
Kim jest Springtrap? William Afton
92%
Ile było ugryzień? 2 (1987 i 1983)
65%
W którym roku odbywa się FNaF 4? 1983
59%
Kto nam pomaga w FNaF SB? Glamrock Freddy
58%
W którym roku odbywa się FNaF 2? 1987
56%
W którym roku odbywa się FNaF 1? 1993
50%
W którym roku odbywa się FNaF 3? 2023
47%
Kim jest Golden Freddy? Cassidy
37%
Jak nazywa się Shadow Bonnie? RWQFSFASXC
25%
Kim jesteśmy w FNaF 1,3,i SL? Micheal Afton
23%
Kim jest Puppet? Charlotte
18%
Kim jesteśmy w FNaF 2? Jeremy Fitzgerald
18%
Kim jest M.X.E.S (AR Rabbit)? Strażnikiem sieci AR, który pilnuje Mimic'a
3%
Nie znaleziono quizów pasujących do podanych kryteriów
Rozkład punktacji
Procent ludzi z każdym wynikiem
Percentyl według liczby udzielonych odpowiedzi
Twoja historia wyników
Nie rozwiązałeś tego quizu